Statistics for Top 20 Box-Office Movies of All Time

Click here to take the quiz!

General Stats

  • This quiz has been taken 562 times
  • The average score is 4 of 20

Answer Stats

Total RevenueMovie% Correct
$2,782,275,172Avatar
91%
$2,186,772,302Titanic
86%
$1,518,594,910The Avengers
32%
$1,004,558,444The Dark Knight
24%
$1,112,545,248Frozen
23%
$1,215,439,994Iron Man 3
22%
$1,029,153,882Jurassic Park
21%
$1,063,171,911Toy Story 3
19%
$1,084,439,099The Dark Knight Rises
15%
$1,341,511,219Harry Potter and the Deathly Hallows Part 2
8%
$1,108,561,013Skyfall
8%
$987,483,777The Lion King
7%
$1,024,299,904Alice In Wonderland
3%
$974,755,371Harry Potter and the Sorcerer's Stone
3%
$1,119,929,521Lord of the Rings The Return of the King
3%
$1,066,179,725Pirates of the Caribbean Dead Man's Chest
3%
$1,045,713,802Pirates of the Caribbean On Stranger Tides
3%
$1,027,044,677Star Wars Episode 1 The Phantom Menace
2%
$1,123,794,079Transformers Dark of the Moon
2%
$1,017,003,568The Hobbit An Unexpected Journey
1%

Score Distribution

Percentile by Number Answered

Percent of People with Each Score

Your Score History

You have not taken this quiz